000 00913 a2200193 4500
001 54970
005 20260407155825.0
008 260407a1970 arg spa d
003 AR-UNSa-BCEJYS
040 _aAR-UNSa-BCEJYS
_bspa
_cAR-UNSa-BCEJYS
080 _a16
_xLógica. Epistemología. Teoría del conocimiento
245 1 0 _aNorma y acción
_pUna investigación lógica
264 1 _aMadrid :
_bTecnos
_c1970
300 _a216 p.
_c23 cm.
505 _a1. De las normas en general – 2. Preliminares lógicas: la lógica del cambio – 3. Acto y habilidad – 4. La lógica de la acción – 5. El análisis de las normas – 6. Normas, lenguaje y verdad – 7. Normas y existencia – 8. Lógica deóntica: normas categóricas – 9. Lógica deóntica: normas hipotéticas – 10. Normas de orden superior.
942 _cBK
590 _aniveau_biblio:m niveau_hierar:0
100 1 _aWright, Georg Henrik von
999 _c5856
_d5856